| 000 | 00495nam a2200169Ia 4500 | ||
|---|---|---|---|
| 005 | 20250923144731.0 | ||
| 008 | 008 250917s9999 xx 000 0 eng d | ||
| 037 | _aTextual | ||
| 040 |
_aDSWL _beng _cDSWL |
||
| 041 |
_aeng _2eng |
||
| 084 | _qDSWL | ||
| 245 | 0 |
_aReport of the Asia and the far east conference on organization and administration _cby United Nations |
|
| 260 |
_aNew York _bNew York United Nations _c1959 |
||
| 300 | _a42p. | ||
| 942 | _cTEXL | ||
| 999 |
_c1442667 _d1442667 |
||